| 000 | 00562cam a2200181 a 4500 | ||
|---|---|---|---|
| 001 | 000001015 | ||
| 005 | 20200929145451.0 | ||
| 008 | 740822s1968 sp a 000 0 spa | ||
| 040 |
_aDO-SdBNP _bspa _cBNPHU |
||
| 082 |
_a946.081 _bR763t, 1968 |
||
| 100 | 1 |
_aRomero, Luis _93529 |
|
| 245 | 1 | 0 |
_aTres días de julio (18, 19 y 20 de 1936) / _cLuis Romero. |
| 250 | _a2a ed. corr. | ||
| 260 |
_aBarcelona : _bAriel, _c1968. |
||
| 300 |
_axxxvi, 639 p. : _bil. ; _c23 cm. |
||
| 440 | 0 |
_aHoras de España _93530 |
|
| 651 | 0 |
_aEspaña _xHistoria _yGUERRA CIVIL, 1936-1939. _93531 |
|
| 999 |
_c994 _d994 |
||